| 000 | 00651nam a22002177a 4500 | ||
|---|---|---|---|
| 003 | OSt | ||
| 005 | 20150826142840.0 | ||
| 008 | 150826b xxu||||| |||| 00| 0 eng d | ||
| 020 | _a9780071221818 | ||
| 040 | _cDNLM | ||
| 082 | _aQW4 B812b 2012 | ||
| 100 |
_aBrown, Alfred _95581 |
||
| 245 |
_aBenson's microbiological applications: _blaboratory manual in general microbiology complete version |
||
| 250 | _a12th ed. | ||
| 260 |
_aNew York; _bMcgraw hill, _c2012 |
||
| 300 |
_axvi,515p _bcol.ill: _c28cm |
||
| 504 | _aAppendix, references & index included | ||
| 650 |
_aMicrobiology _9749 |
||
| 650 |
_aLaboratory manual _95582 |
||
| 942 |
_2z _cO_SHELF |
||
| 999 |
_c2179 _d2179 |
||